Veterinary reproduction and obstetrics / (Record no. 2400)

MARC details
000 -LEADER
fixed length control field 01039cam a2200205 i 4500
008 - FIXED-LENGTH DATA ELEMENTS--GENERAL INFORMATION
fixed length control field 210921s2020 stka b 001 0 eng
020 ## - INTERNATIONAL STANDARD BOOK NUMBER
ISBN 9780702072338
245 00 - TITLE STATEMENT
Title Veterinary reproduction and obstetrics /
Statement of responsibility, etc edited by David E. Noakes, BVet Med, PhD, DSc(Med), DSc(hc) DVRep, DipECAR, FRCVS, Timothy J. Parkinson, BVSc, DBR, DipECAR, Med, PhD, FRCVS, School of Veterinary Sciences, Massey University, Palmerston North, New Zealand, Gary C.W. England, BVetMed, PhD, DVetMed, DVR, DVRep, DipECAR, DipACT, PFHEA, FRCVS, School of Veterinary Medicine & Science, University of Nottingham, Sutton Bonington Campus, Loughborough, United Kingdom.
250 ## - EDITION STATEMENT
Edition statement Tenth edition.
260 ## - PUBLICATION, DISTRIBUTION, ETC. (IMPRINT)
Place of publication England
Name of publisher Elsevier Ltd
Date of publication 2019
300 ## - COLLATION
Pagination x, 837 pages :
Other physical details illustrations (chiefly color) ;
650 #0 - TRACINGS
Main Subject Veterinary obstetrics.
650 #0 - TRACINGS
Main Subject Domestic animals
Subdivision (2nd) Reproduction.
700 1# - ADDITIONAL AUTHOR
Additional Author Noakes, David E.,
700 1# - ADDITIONAL AUTHOR
Additional Author Parkinson, Timothy J.,
700 1# - ADDITIONAL AUTHOR
Additional Author England, Gary C. W.,
942 ## - ADDED ENTRY ELEMENTS (KOHA)
Item type Books
050 00 - LIBRARY OF CONGRESS CALL NUMBER
Classification number SF887
Item number .V48 2019
082 00 - DEWEY DECIMAL CLASSIFICATION NUMBER
Classification number 636.089/82
Holdings
Source of classification or shelving scheme Not for loan Permanent location Current location Date acquired Accession No. Full call number Barcode. Koha item type
Library of Congress Classification   Samuel Ogbemudia Main Library, University of Abuja Samuel Ogbemudia Main Library, University of Abuja 03/18/2025 2024/64193 SF887.V48 2025-0666 Books